[Event "SRB Team Chmp 2008"]
[Site "Subotica"]
[Date "2008.09.02"]
[Round "2.1"]
[White "Mastrovasilis, Dimitrios"]
[Black "Berkes, Ferenc"]
[Result "1/2-1/2"]
[WhiteElo "2563"]
[BlackElo "2645"]
[PlyCount "27"]
[EventDate "2008.09.01"]

1. e4 c6 2. d4 d5 3. e5 Bf5 4. c4 e6 5. Nc3 Ne7 6. Nge2 h6 7. Ng3 Bg6 8. Be3
Nd7 9. Rc1 Nf5 10. cxd5 cxd5 11. Bd3 Nxe3 12. fxe3 Bxd3 13. Qxd3 Be7 14. O-O
1/2-1/2

[Event "SRB Team Chmp 2008"]
[Site "Subotica"]
[Date "2008.09.02"]
[Round "2.1"]
[White "Sedlak, Nikola"]
[Black "Ivanovic, Bozidar"]
[Result "1/2-1/2"]
[WhiteElo "2576"]
[BlackElo "2436"]
[PlyCount "158"]
[EventDate "2008.09.01"]

1. d4 d5 2. c4 c6 3. Nf3 Nf6 4. e3 Bg4 5. Nc3 e6 6. h3 Bxf3 7. Qxf3 Nbd7 8. Bd2
Bd6 9. Bd3 O-O 10. cxd5 exd5 11. g4 Bb4 12. g5 Bxc3 13. Bxc3 Ne4 14. Bxe4 dxe4
15. Qxe4 Qxg5 16. O-O-O Rfe8 17. Qc2 Qd5 18. Kb1 f5 19. Ka1 Re6 20. Rhg1 Nf6
21. Bd2 Rd8 22. Bc1 Rd7 23. Rdf1 Qe4 24. Qa4 a6 25. f3 Qd3 26. Rd1 Qe2 27. Qb3
Nd5 28. e4 fxe4 29. Rde1 Qb5 30. fxe4 Qxb3 31. axb3 Nb4 32. Re2 Rxd4 33. Reg2
Rg6 34. Rxg6 hxg6 35. Kb1 Rxe4 36. Bd2 Kh7 37. Kc1 Nd5 38. Rg3 Ne7 39. Rd3 Nd5
40. Rf3 Kg8 41. Kc2 Rd4 42. Bg5 Nb4+ 43. Kc1 Rd3 44. Rxd3 Nxd3+ 45. Kc2 Nf2 46.
h4 Kf7 47. Be3 Ne4 48. Kd3 Nd6 49. Bg5 Ke6 50. Kd4 b6 51. b4 Nb5+ 52. Ke4 Nc7
53. Be3 Nd5 54. Bd4 b5 55. Bc5 Nf6+ 56. Kf4 Nh5+ 57. Kg5 Kf7 58. Kg4 Nf6+ 59.
Kf4 g5+ 60. hxg5 Nd7 61. Bd4 g6 62. Ke4 Ke6 63. Be3 Ne5 64. Bc1 Nd7 65. Be3 Ne5
66. Bc1 Nf7 67. Bf4 Nd8 68. Bd2 Nb7 69. Kd4 Nd6 70. Bc1 Nc4 71. Kc5 Kd7 72. Kd4
Ke6 73. Kc5 Ne5 74. Kb6 Kd5 75. b3 Nd3 76. Bd2 Nf2 77. Kxa6 Ne4 78. Be3 Kd6 79.
Kb7 Kd7 1/2-1/2

[Event "SRB Team Chmp 2008"]
[Site "Subotica"]
[Date "2008.09.02"]
[Round "2.1"]
[White "Zakic, Srdjan"]
[Black "Leskur, Dejan"]
[Result "0-1"]
[WhiteElo "2357"]
[BlackElo "2444"]
[PlyCount "78"]
[EventDate "2008.09.01"]

1. e4 c5 2. Nf3 d6 3. d4 cxd4 4. Nxd4 Nf6 5. Nc3 Nc6 6. Bc4 Qb6 7. Nb3 e6 8.
Bf4 Ne5 9. Be2 a6 10. Qd2 Be7 11. O-O-O O-O 12. f3 Qc7 13. g4 b5 14. Be3 Rb8
15. g5 Nfd7 16. h4 b4 17. Nb1 a5 18. h5 a4 19. Nd4 Nc5 20. Rdg1 b3 21. axb3
axb3 22. c3 Ra8 23. g6 fxg6 24. hxg6 hxg6 25. Nb5 Qc6 26. f4 Nxe4 27. Qd4 Nd7
28. Na7 Qb7 29. Nxc8 Raxc8 30. Bf3 d5 31. Bxe4 dxe4 32. Rxg6 Bf6 33. Qd2 Nc5
34. Qh2 Nd3+ 35. Kd2 Rcd8 36. Ke2 Qa6 37. Rxf6 Rxf6 38. Qh8+ Kf7 39. Qxd8 Nxf4+
0-1

[Event "SRB Team Chmp 2008"]
[Site "Subotica"]
[Date "2008.09.02"]
[Round "2.1"]
[White "Nestorovic, Nikola"]
[Black "Sarenac, David"]
[Result "0-1"]
[WhiteElo "2422"]
[BlackElo "2222"]
[PlyCount "88"]
[EventDate "2008.09.01"]

1. e4 c5 2. Nf3 d6 3. d4 cxd4 4. Nxd4 Nf6 5. Nc3 a6 6. Be3 e5 7. Nf3 Be7 8. Bc4
O-O 9. O-O Nc6 10. Re1 b5 11. Bf1 Rb8 12. Bg5 Ng4 13. Bc1 h6 14. Nd5 Be6 15. a4
bxa4 16. h3 Nf6 17. Nxe7+ Nxe7 18. Rxa4 a5 19. b3 Rb4 20. Rxb4 axb4 21. Nd2 Qa8
22. Bb2 Rc8 23. Bc4 Qc6 24. Qe2 Ng6 25. Bxe6 fxe6 26. g3 Nf8 27. Nc4 N8d7 28.
Qd3 d5 29. exd5 exd5 30. Nxe5 Qxc2 31. Rc1 Qxc1+ 32. Bxc1 Rxc1+ 33. Kg2 Nxe5
34. Qe3 Rc3 35. Qxe5 Rxb3 36. g4 Kf7 37. h4 Rd3 38. g5 hxg5 39. hxg5 Ne4 40. f3
Rd2+ 41. Kh3 b3 42. fxe4 b2 43. Qf5+ Ke7 44. e5 Rd1 0-1

[Event "SRB Team Chmp 2008"]
[Site "Subotica"]
[Date "2008.09.02"]
[Round "2.3"]
[White "Solak, Dragan"]
[Black "Cabrilo, Goran"]
[Result "0-1"]
[WhiteElo "2596"]
[BlackElo "2484"]
[PlyCount "164"]
[EventDate "2008.09.01"]

1. e4 e5 2. Nf3 Nc6 3. Bb5 a6 4. Bxc6 dxc6 5. O-O Qf6 6. d4 exd4 7. Bg5 Qd6 8.
Nxd4 Ne7 9. Nc3 Bd7 10. Bh4 O-O-O 11. Bg3 Qf6 12. Nb3 h5 13. e5 Qg6 14. Qd4 c5
15. Qxc5 Nc6 16. Qe3 h4 17. Bf4 h3 18. g3 Bf5 19. Rfd1 Rxd1+ 20. Rxd1 Bxc2 21.
Rd2 Bxb3 22. axb3 Bb4 23. Qd3 Qxd3 24. Rxd3 Bxc3 25. Rxc3 Rd8 26. Kf1 Rd1+ 27.
Ke2 Rb1 28. Bc1 Nxe5 29. Kd2 Ng4 30. Kc2 Ra1 31. b4 a5 32. b5 Nf6 33. Rc5 Kd7
34. Rg5 Ra4 35. Rxg7 Ke6 36. Bg5 Ng4 37. Rh7 Nxf2 38. Be3 Ng4 39. Bf4 Nxh2 40.
Rh6+ f6 41. Rxh3 Nf3 42. b6 cxb6 43. Rh7 Nd4+ 44. Kd3 Nb3 45. Be3 Nc5+ 46. Bxc5
bxc5 47. Rxb7 Rg4 48. Rb5 Kd5 49. Rxa5 Rxg3+ 50. Kc2 Kd4 51. b4 cxb4 52. Rf5
Rc3+ 53. Kb2 Rc6 54. Rf1 Ke4 55. Re1+ Kd3 56. Rf1 Rb6 57. Kb3 Ke3 58. Kc2 b3+
59. Kb2 Kd3 60. Rf4 Ke3 61. Rf1 Ke4 62. Re1+ Kf3 63. Rf1+ Kg4 64. Rg1+ Kh5 65.
Rf1 Kg6 66. Rg1+ Kf7 67. Rf1 Rb5 68. Kc3 b2 69. Rb1 f5 70. Rxb2 Rxb2 71. Kxb2
Kg6 72. Kc3 Kg5 73. Kd3 Kg4 74. Ke3 Kg3 75. Ke2 f4 76. Kf1 Kf3 77. Kg1 Ke2 78.
Kh1 f3 79. Kg1 f2+ 80. Kh1 Kf3 81. Kh2 f1=R 82. Kh3 Rh1# 0-1

[Event "SRB Team Chmp 2008"]
[Site "Subotica"]
[Date "2008.09.02"]
[Round "2.3"]
[White "Markus, Robert"]
[Black "Perunovic, Milos"]
[Result "1-0"]
[WhiteElo "2572"]
[BlackElo "2589"]
[PlyCount "53"]
[EventDate "2008.09.01"]

1. Nf3 Nf6 2. c4 e6 3. g3 d5 4. b3 Be7 5. Bg2 O-O 6. O-O c5 7. Bb2 Nc6 8. e3 b6
9. Nc3 dxc4 10. bxc4 Bb7 11. Qe2 Rc8 12. Ne1 Qd7 13. f4 Rfd8 14. d3 Nb4 15. Rd1
a6 16. Nf3 Qc7 17. a3 Nc6 18. Ng5 Nb8 19. Bxb7 Qxb7 20. f5 exf5 21. Rxf5 Nbd7
22. Nd5 Re8 23. Rdf1 Rc6 24. e4 Bd8 25. Nxf7 Kxf7 26. Qh5+ Kg8 27. Nxf6+ 1-0

[Event "SRB Team Chmp 2008"]
[Site "Subotica"]
[Date "2008.09.02"]
[Round "2.3"]
[White "Strikovic, Aleksa"]
[Black "Lazic, Miroljub"]
[Result "0-1"]
[WhiteElo "2512"]
[BlackElo "2528"]
[PlyCount "92"]
[EventDate "2008.09.01"]

1. e4 e5 2. Nf3 Nc6 3. Bb5 a6 4. Ba4 Nf6 5. O-O Be7 6. d4 exd4 7. e5 Ne4 8.
Bxc6 dxc6 9. Nxd4 O-O 10. f3 Nc5 11. Nc3 f6 12. exf6 Bxf6 13. Be3 Ne6 14. Nde2
b6 15. Qe1 a5 16. Rd1 Qe8 17. b3 Bb7 18. Ne4 c5 19. Nxf6+ Rxf6 20. Nc3 Qg6 21.
Nd5 Bxd5 22. Rxd5 Qxc2 23. Rf2 Qg6 24. Qd1 Raf8 25. h4 Rf5 26. Rxf5 Qxf5 27.
Rd2 Qf6 28. Bf2 Rd8 29. Rd7 Qe7 30. Rd5 Nd4 31. Rxd8+ Qxd8 32. Bg3 Qe7 33. Kh2
c6 34. Qd3 h6 35. Qa6 Qe2 36. Qc8+ Kh7 37. Qf8 Qe6 38. Bc7 Nf5 39. h5 a4 40. f4
axb3 41. axb3 Ne3 42. Kg1 Qe4 43. Kf2 Nf5 44. Kf1 Qd3+ 45. Ke1 Qe3+ 46. Kd1 Nd4
0-1

[Event "SRB Team Chmp 2008"]
[Site "Subotica"]
[Date "2008.09.02"]
[Round "2.3"]
[White "Popovic, Petar"]
[Black "Savic, Miodrag R"]
[Result "1-0"]
[WhiteElo "2478"]
[BlackElo "2519"]
[PlyCount "59"]
[EventDate "2008.09.01"]

1. e4 d5 2. exd5 Qxd5 3. Nc3 Qa5 4. d4 Nf6 5. Nf3 c6 6. Bd2 Bf5 7. Ne4 Qb6 8.
Nxf6+ gxf6 9. Bc4 Nd7 10. Bb3 e6 11. Qe2 O-O-O 12. O-O-O Qc7 13. Nh4 Bg6 14. g3
Be7 15. Kb1 f5 16. Ng2 Nf6 17. Bf4 Qb6 18. Ne3 Bh5 19. f3 Qb5 20. c4 Qa6 21.
Nxf5 Bg6 22. Bc2 Bxf5 23. Bxf5 Nd7 24. Bd3 Bf6 25. d5 Nc5 26. dxe6 fxe6 27. Bc2
h5 28. a3 Bd4 29. Rxd4 Rxd4 30. Qe5 1-0

[Event "SRB Team Chmp 2008"]
[Site "Subotica"]
[Date "2008.09.02"]
[Round "2.4"]
[White "Ivanisevic, Ivan"]
[Black "Halkias, Stelios"]
[Result "1-0"]
[WhiteElo "2664"]
[BlackElo "2579"]
[PlyCount "83"]
[EventDate "2008.09.01"]

1. d4 d5 2. c4 dxc4 3. e3 Nf6 4. Bxc4 e6 5. Nf3 a6 6. O-O c5 7. a4 Nc6 8. Nc3
Be7 9. dxc5 Qxd1 10. Rxd1 Bxc5 11. Bd2 b6 12. Bd3 Nb4 13. Be2 O-O 14. a5 bxa5
15. Ne5 Bb7 16. Nc4 Rab8 17. Nxa5 Ba8 18. Na4 Be7 19. Bc3 Nfd5 20. Be5 Rbc8 21.
e4 Nf6 22. f3 Rc2 23. Kf1 Nh5 24. Rd7 Bd8 25. Nb7 Nc6 26. Bd6 Nf6 27. Rxd8 Nxd8
28. Bxf8 Bxb7 29. Ba3 Nc6 30. Rd1 h5 31. Nc5 h4 32. Nxb7 h3 33. g3 e5 34. Bc5
Rxb2 35. Nd8 Na5 36. Bd6 Nb3 37. Bxe5 Rc2 38. g4 a5 39. g5 Nh7 40. g6 fxg6 41.
Ne6 g5 42. Rd7 1-0

[Event "SRB Team Chmp 2008"]
[Site "Subotica"]
[Date "2008.09.02"]
[Round "2.4"]
[White "Abramovic, Bosko"]
[Black "Damljanovic, Branko"]
[Result "1/2-1/2"]
[WhiteElo "2488"]
[BlackElo "2579"]
[PlyCount "69"]
[EventDate "2008.09.01"]

1. d4 Nf6 2. Nf3 c5 3. d5 g6 4. Nc3 Bg7 5. e4 d6 6. Bb5+ Bd7 7. a4 Bxb5 8. axb5
Nbd7 9. O-O O-O 10. h3 Ne8 11. Qe2 Nc7 12. Nd1 Nb6 13. c4 e6 14. Bd2 a6 15.
bxa6 Nxa6 16. Ba5 exd5 17. exd5 Re8 18. Ne3 Nb4 19. Bxb4 cxb4 20. Qd2 Na4 21.
Qxb4 Qd7 22. Ra2 Nc5 23. Rfa1 Rac8 24. Ra3 h5 25. Qd2 Bh6 26. b4 Ne4 27. Qa2
Qd8 28. Nf1 Qc7 29. Ne3 Qb6 30. Rb1 Qc7 31. Rd1 Qb6 32. Rb1 Qc7 33. Rd1 Qb6 34.
Rb1 Qc7 35. Rd1 1/2-1/2

[Event "SRB Team Chmp 2008"]
[Site "Subotica"]
[Date "2008.09.02"]
[Round "2.4"]
[White "Iordachescu, Viorel"]
[Black "Brenjo, Slavisa"]
[Result "1-0"]
[WhiteElo "2579"]
[BlackElo "2486"]
[PlyCount "87"]
[EventDate "2008.09.01"]

1. e4 e5 2. Nf3 Nc6 3. Bb5 a6 4. Ba4 Nf6 5. O-O Be7 6. Re1 b5 7. Bb3 O-O 8. h3
Bb7 9. d3 d6 10. a3 Nb8 11. Nbd2 Nbd7 12. Nf1 Nc5 13. Ba2 Ne6 14. Ng3 g6 15. c3
c5 16. Bh6 Re8 17. d4 c4 18. Bb1 Nd7 19. Bc2 Bf6 20. Qd2 Bg7 21. Bxg7 Kxg7 22.
Rad1 Nef8 23. h4 Qf6 24. Nf1 Ne6 25. N1h2 Rad8 26. g3 h5 27. d5 Nef8 28. Ng5
Qe7 29. f4 f6 30. Ngf3 Nc5 31. g4 exf4 32. gxh5 Bc8 33. Kh1 Nd3 34. Bxd3 cxd3
35. Nd4 Qe5 36. h6+ Kxh6 37. Nc6 Qh5 38. Qxf4+ Kg7 39. Nxd8 Rxd8 40. Rxd3 g5
41. hxg5 fxg5 42. Rg3 Nh7 43. e5 Kh6 44. Qd4 1-0

[Event "SRB Team Chmp 2008"]
[Site "Subotica"]
[Date "2008.09.02"]
[Round "2.4"]
[White "Ostojic, Nikola"]
[Black "Stojanovic, Mihajlo"]
[Result "1/2-1/2"]
[WhiteElo "2429"]
[BlackElo "2552"]
[PlyCount "56"]
[EventDate "2008.09.01"]

1. d4 d5 2. c4 c6 3. Nf3 Nf6 4. Nc3 e6 5. Bg5 h6 6. Bxf6 Qxf6 7. Qb3 Nd7 8. e4
dxe4 9. Nxe4 Qf4 10. Bd3 e5 11. O-O exd4 12. Rfe1 Be7 13. Bc2 O-O 14. Qd3 g6
15. Qxd4 Nf6 16. Ne5 Rd8 17. Qc3 Be6 18. g3 Nxe4 19. Rxe4 Qf6 20. Rae1 Bf8 21.
Rf4 Qg7 22. Nxg6 Qxc3 23. bxc3 Bg7 24. Ne7+ Kh8 25. Rxe6 fxe6 26. Ng6+ Kg8 27.
Ne7+ Kh8 28. Ng6+ Kg8 1/2-1/2

[Event "SRB Team Chmp 2008"]
[Site "Subotica"]
[Date "2008.09.02"]
[Round "2.4"]
[White "Mozetic, Dejan"]
[Black "Lajthajm, Borko"]
[Result "1/2-1/2"]
[WhiteElo "2410"]
[BlackElo "2513"]
[PlyCount "23"]
[EventDate "2008.09.01"]

1. Nf3 g6 2. d4 Bg7 3. c4 d6 4. Nc3 Bg4 5. e3 c6 6. Be2 Nf6 7. O-O O-O 8. h3
Bf5 9. Nh4 Bd7 10. Nf3 Bf5 11. Nh4 Bd7 12. Nf3 1/2-1/2

[Event "SRB Team Chmp 2008"]
[Site "Subotica"]
[Date "2008.09.02"]
[Round "2.5"]
[White "Vuckovic, Bojan"]
[Black "Blagojevic, Dragisa"]
[Result "1/2-1/2"]
[WhiteElo "2563"]
[BlackElo "2519"]
[PlyCount "123"]
[EventDate "2008.09.01"]

1. e4 e5 2. Nf3 Nc6 3. Bb5 a6 4. Ba4 Nf6 5. O-O Be7 6. Re1 b5 7. Bb3 d6 8. c3
O-O 9. h3 Nd7 10. d4 Bf6 11. a4 Bb7 12. d5 Ne7 13. axb5 axb5 14. Rxa8 Qxa8 15.
Na3 Ba6 16. Nc2 Nc5 17. Ne3 Ng6 18. Bc2 Bc8 19. Kh2 Bd7 20. g3 Rd8 21. h4 Ne7
22. Ng5 h6 23. Ng4 Bxg4 24. Qxg4 c6 25. Rd1 Qc8 26. Qe2 hxg5 27. hxg5 Bxg5 28.
Bxg5 f6 29. Be3 Kf7 30. Qh5+ Ng6 31. Kg2 Rh8 32. Qf5 Ne7 33. Qxc8 Rxc8 34. dxc6
Rxc6 35. f4 Na4 36. Bc1 Nb6 37. Bd3 Nc4 38. Kf3 g6 39. b3 Na5 40. Bb2 Nxb3 41.
Bxb5 Rb6 42. Bc4+ Kg7 43. Ba3 Rc6 44. Bxb3 Rxc3+ 45. Kg4 Rxb3 46. Bxd6 Nc6 47.
Rc1 Nd4 48. Rc7+ Kg8 49. fxe5 f5+ 50. exf5 gxf5+ 51. Kh4 Re3 52. Kh5 Ne6 53.
Re7 Ng7+ 54. Kh4 Re4+ 55. Kh3 Re3 56. Kg2 Nh5 57. Kf2 Rxg3 58. e6 Rg6 59. Be5
Ng7 60. Bxg7 Rxg7 61. Re8+ Kh7 62. Ke3 1/2-1/2

[Event "SRB Team Chmp 2008"]
[Site "Subotica"]
[Date "2008.09.02"]
[Round "2.5"]
[White "Antic, Dejan"]
[Black "Pavlovic, Milos"]
[Result "1-0"]
[WhiteElo "2482"]
[BlackElo "2515"]
[PlyCount "55"]
[EventDate "2008.09.01"]

1. d4 Nf6 2. c4 g6 3. Nc3 Bg7 4. e4 d6 5. Nf3 O-O 6. Be2 e5 7. O-O Nc6 8. d5
Ne7 9. b4 Ne8 10. c5 f5 11. Nd2 Nf6 12. f3 f4 13. Nc4 g5 14. b5 dxc5 15. Bb2
Ng6 16. a4 h5 17. h3 Kh7 18. a5 Rg8 19. d6 Be6 20. dxc7 Qxc7 21. Nd5 Qd8 22.
Qc2 g4 23. fxg4 Nxg4 24. hxg4 hxg4 25. g3 Qg5 26. Nc7 Rae8 27. Nxe8 Rxe8 28.
Ra3 1-0

[Event "SRB Team Chmp 2008"]
[Site "Subotica"]
[Date "2008.09.02"]
[Round "2.5"]
[White "Arsovic, Zoran"]
[Black "Barlov, Dragan"]
[Result "1/2-1/2"]
[WhiteElo "2475"]
[BlackElo "2474"]
[PlyCount "109"]
[EventDate "2008.09.01"]

1. Nf3 Nf6 2. c4 e6 3. g3 a6 4. Bg2 d5 5. b3 Be7 6. O-O O-O 7. Bb2 b5 8. cxd5
Nxd5 9. d3 Bb7 10. Nbd2 Nd7 11. Rc1 c5 12. a3 Qb6 13. Rc2 Rfc8 14. Qa1 Bf8 15.
Rfc1 a5 16. e4 Ne7 17. d4 cxd4 18. Bxd4 Qd8 19. a4 Rxc2 20. Rxc2 Bc6 21. Be3
bxa4 22. bxa4 Nb6 23. Ne5 Be8 24. Ndc4 Nxc4 25. Nxc4 Rc8 26. Rd2 Qc7 27. Nd6
Rd8 28. Nxe8 Rxe8 29. Bf1 Rd8 30. Bf4 Qb6 31. Be3 Qc7 32. Rxd8 Qxd8 33. Qc3 Ng6
34. Qd4 Qxd4 35. Bxd4 Bb4 36. f4 Kf8 37. Bc4 Ne7 38. Bb5 Nc8 39. Kf2 Nd6 40.
Bc6 f6 41. Ke2 Ke7 42. Kd3 h5 43. Bb6 e5 44. Be3 Kd8 45. Bd5 Ke7 46. f5 Kd7 47.
Bf2 Kc7 48. Be3 Kd7 49. Bb3 Kc6 50. Bd5+ Kc7 51. Bf2 Kd7 52. Bb6 Ke7 53. Bb3
Kd7 54. Bd5 Ke7 55. Ke2 1/2-1/2

[Event "SRB Team Chmp 2008"]
[Site "Subotica"]
[Date "2008.09.02"]
[Round "2.5"]
[White "Arsovic, Goran"]
[Black "Pavlovic, Goran"]
[Result "1/2-1/2"]
[WhiteElo "2469"]
[BlackElo "2388"]
[PlyCount "30"]
[EventDate "2008.09.01"]

1. d4 e6 2. c4 f5 3. Nf3 Nf6 4. g3 d5 5. Bg2 c6 6. O-O Bd6 7. Nc3 O-O 8. Qc2
Bd7 9. Ne5 Be8 10. Bg5 Nbd7 11. cxd5 cxd5 12. Nd3 Qb6 13. Bf4 Bxf4 14. Nxf4 Bf7
15. e3 Rfc8 1/2-1/2

[Event "SRB Team Chmp 2008"]
[Site "Subotica"]
[Date "2008.09.02"]
[Round "2.6"]
[White "Georgiev, Kiril"]
[Black "Khenkin, Igor"]
[Result "0-1"]
[WhiteElo "2671"]
[BlackElo "2655"]
[PlyCount "148"]
[EventDate "2008.09.01"]

1. d4 Nf6 2. c4 e6 3. Nf3 d5 4. g3 Bb4+ 5. Bd2 a5 6. Qc2 c5 7. a3 Bxd2+ 8.
Nbxd2 cxd4 9. cxd5 exd5 10. Nxd4 O-O 11. Bg2 Qb6 12. N2f3 Nc6 13. Qb3 Ra6 14.
Qxb6 Rxb6 15. b3 Bg4 16. Rb1 Ne4 17. Rb2 Nc5 18. Nxc6 bxc6 19. Ne5 Re8 20. f4
f6 21. Rc2 fxe5 22. Rxc5 exf4 23. O-O fxg3 24. hxg3 Bxe2 25. Re1 Bh5 26. Rb1
Bg6 27. Rb2 Re3 28. Kf2 Rbxb3 29. Rxb3 Rxb3 30. Rxa5 Rb2+ 31. Kg1 Rb1+ 32. Kf2
Rb2+ 33. Kg1 Be4 34. Bxe4 dxe4 35. Rc5 Rb3 36. Kg2 Rxa3 37. Rxc6 Ra2+ 38. Kf1
Kf7 39. Rc4 e3 40. Re4 e2+ 41. Kf2 h5 42. Re5 g6 43. Kf3 Kf6 44. Re8 g5 45. Kf2
Kf5 46. Kf3 e1=N+ 47. Rxe1 g4+ 48. Ke3 Rg2 49. Ra1 Rxg3+ 50. Kf2 Rf3+ 51. Kg2
h4 52. Ra5+ Kf4 53. Ra4+ Kg5 54. Ra5+ Rf5 55. Ra3 Rd5 56. Ra2 h3+ 57. Kh2 Kh4
58. Ra4 Rd2+ 59. Kh1 Rf2 60. Kg1 Re2 61. Kh1 Kg3 62. Ra1 Kf2 63. Rf1+ Ke3 64.
Rf8 g3 65. Re8+ Kd3 66. Rd8+ Kc4 67. Rc8+ Kd5 68. Rd8+ Kc6 69. Rd1 Kc5 70. Kg1
Kc4 71. Kf1 Rf2+ 72. Kg1 h2+ 73. Kh1 g2+ 74. Kxh2 Rf1 0-1

[Event "SRB Team Chmp 2008"]
[Site "Subotica"]
[Date "2008.09.02"]
[Round "2.6"]
[White "Todorovic, Goran M"]
[Black "Marjanovic, Slavoljub"]
[Result "1/2-1/2"]
[WhiteElo "2479"]
[BlackElo "2479"]
[PlyCount "71"]
[EventDate "2008.09.01"]

1. e4 c5 2. Nf3 d6 3. d4 cxd4 4. Nxd4 Nf6 5. Nc3 a6 6. Be3 e5 7. Nb3 Be7 8. f3
Be6 9. Qd2 O-O 10. O-O-O Nbd7 11. g4 b5 12. g5 b4 13. Ne2 Ne8 14. h4 a5 15. Kb1
a4 16. Nbc1 Qb8 17. f4 exf4 18. Nxf4 Bg4 19. Be2 Bxe2 20. Qxe2 Nc7 21. h5 Ra5
22. g6 Ne5 23. h6 fxg6 24. hxg7 Rf7 25. Rxh7 Kxh7 26. Rh1+ Kxg7 27. Qh2 Bf6 28.
Nxg6 Nxg6 29. Qh6+ Kg8 30. Qxg6+ Bg7 31. Bd4 Ne8 32. Bxg7 Rxg7 33. Qe6+ Rf7 34.
Qh6 Rg7 35. Qe6+ Rf7 36. Qh6 1/2-1/2

[Event "SRB Team Chmp 2008"]
[Site "Subotica"]
[Date "2008.09.02"]
[Round "2.6"]
[White "Perunovic, Miodrag"]
[Black "Marinkovic, Ivan"]
[Result "1/2-1/2"]
[WhiteElo "2419"]
[BlackElo "2453"]
[PlyCount "62"]
[EventDate "2008.09.01"]

1. d4 Nf6 2. Nf3 c5 3. d5 g6 4. c4 b5 5. cxb5 a6 6. bxa6 Bg7 7. Nc3 Bxa6 8. e4
Bxf1 9. Kxf1 d6 10. g3 Nbd7 11. Kg2 O-O 12. Re1 Qb6 13. h3 Ne8 14. Re2 Nc7 15.
Bf4 Qb7 16. Rc1 Nb6 17. b3 f5 18. e5 Ncxd5 19. Nxd5 Nxd5 20. exd6 exd6 21. Qd2
Rad8 22. Bg5 Rde8 23. Kg1 Re4 24. Nh4 Bd4 25. Ng2 Rfe8 26. Rxe4 Rxe4 27. Kh2
Qf7 28. a3 Qe6 29. Rc2 Bg7 30. Qd3 h6 31. Bc1 Qf7 1/2-1/2

[Event "SRB Team Chmp 2008"]
[Site "Subotica"]
[Date "2008.09.02"]
[Round "2.6"]
[White "Certic, Branimir"]
[Black "Maksimovic, Branimir"]
[Result "1/2-1/2"]
[WhiteElo "2392"]
[BlackElo "2397"]
[PlyCount "106"]
[EventDate "2008.09.01"]

1. e4 e6 2. Nf3 d5 3. Nc3 Nf6 4. Qe2 dxe4 5. Nxe4 Nbd7 6. d3 b6 7. Bg5 Bb7 8.
g3 Be7 9. Bxf6 gxf6 10. Bg2 f5 11. Ned2 Bf6 12. O-O-O Qe7 13. Ne1 c6 14. f4
O-O-O 15. Nc4 b5 16. Na5 Qb4 17. Nb3 Nc5 18. Qd2 Nxb3+ 19. axb3 a5 20. Nf3 c5
21. Rhe1 Qxd2+ 22. Rxd2 Bxf3 23. Bxf3 h5 24. c3 h4 25. Kc2 Rdg8 26. Rg2 hxg3
27. hxg3 Rh3 28. Reg1 Kd7 29. Be2 b4 30. g4 Rh4 31. gxf5 Rxg2 32. fxe6+ Kxe6
33. Rxg2 Rxf4 34. Rg8 Rf2 35. Kd2 Be5 36. Re8+ Kd6 37. Ke3 Rh2 38. Rd8+ Ke7 39.
Rd5 Bd6 40. d4 cxd4+ 41. cxd4 Bc7 42. Bg4 Bd8 43. Re5+ Kd6 44. Be2 Rh3+ 45. Bf3
Rh2 46. Be2 Bb6 47. Rf5 Ke6 48. Rf4 f5 49. Bc4+ Kf6 50. Bd3 Rh5 51. Rf3 Bc7 52.
Bf1 Rh2 53. Be2 Kg5 1/2-1/2